[Event "Torneo del Quarantennale A"]
[Site "Cirie' ITA"]
[Date "2013.04.29"]
[Round "4"]
[White "Cacinschi, Alexandru"]
[Black "Razzano, Lorenzo"]
[WhiteElo "2025"]
[BlackElo "1997"]
[Result "1-0"]
[PlyCount "119"]
[EventDate "2013.04.27"]

1. c4 Nc6 2. Nc3 e5 3. g3 g6 4. Bg2 Bg7 5. e3 d6 6.
Nge2 f5 7. O-O Nf6 8. d4 e4 9. f4 Bd7 10. d5 Nb4 11. Bd2 a5 12. b3 O-O 13. a3
Nd3 14. Nc1 Nc5 15. Rb1 Qe8 16. h3 h5 17. b4 axb4 18. axb4 Na4 19. N1e2 Nb6 20.
Qb3 Qf7 21. Nd4 c6 22. dxc6 bxc6 23. c5 Nc4 24. Bc1 Rfb8 25. cxd6 c5 26. Ndb5
Bxb5 27. bxc5 Nxd6 28. Rd1 Nfe8 29. cxd6 Qxb3 30. Rxb3 Bd7 31. Rxb8 Rxb8 32.
Bd2 Rb6 33. Nd5 Rxd6 34. Bb4 Rxd5 35. Rxd5 Be6 36. Rd2 Nf6 37. Bc3 Nd5 38. Bxg7
Kxg7 39. Kf2 Kf6 40. Bf1 Ke7 41. Rd4 Nf6 42. Bc4 Bxc4 43. Rxc4 Ke6 44. Rc6+ Kf7
45. Ra6 Nd5 46. Ke2 Nb4 47. Rd6 Nd3 48. Rxd3 exd3+ 49. Kxd3 Ke6 50. e4 fxe4+
51. Kxe4 Kf6 52. Ke3 g5 53. h4 gxh4 54. gxh4 Kf5 55. Kf3 Kf6 56. Ke4 Ke6 57.
f5+ Kf6 58. Kf4 Kg7 59. Kg5 Kf7 60. Kxh5 1-0

[Event "Torneo del Quarantennale A"]
[Site "Cirie' ITA"]
[Date "2013.04.29"]
[Round "4"]
[White "Frassati, Giovanni"]
[Black "Coqueraut, Lodewyk"]
[WhiteElo "1813"]
[BlackElo "1813"]
[Result "1-0"]
[PlyCount "75"]
[EventDate "2013.04.27"]

1. e4 c5 2. Nf3 e6 3. d4 cxd4 4. Nxd4 Nc6 5. Nc3 Qc7
6. a3 a6 7. Be2 Nf6 8. O-O Bc5 9. Nb3 Be7 10. Re1 b5 11. Bf3 Bb7 12. e5 Ng8 13.
Bf4 g5 14. Bg3 Nh6 15. Ne4 O-O-O 16. Nd6+ Bxd6 17. exd6 Qb6 18. Be5 Nxe5 19.
Rxe5 Nf5 20. c4 Nxd6 21. c5 Bxf3 22. Qxf3 Qb7 23. cxd6 Qxf3 24. gxf3 f6 25.
Rc5+ Kb8 26. Rac1 Rc8 27. Rc7 e5 28. Nc5 Rxc7 29. Nxa6+ Kb7 30. Nxc7 Rc8 31. b4
h5 32. Rc5 h4 33. h3 f5 34. Rxe5 Kc6 35. Rd5 Rf8 36. Rd3 Rf6 37. Rc3+ Kb6 38.
Nd5+ 1-0

[Event "Torneo del Quarantennale A"]
[Site "Cirie' ITA"]
[Date "2013.04.29"]
[Round "4"]
[White "Pitica, Silviu Valentin"]
[Black "Yao, Stefano"]
[WhiteElo "1853"]
[BlackElo "1945"]
[Result "1-0"]
[PlyCount "69"]
[EventDate "2013.04.27"]

1. e4 c5 2. Nf3 e6 3. d4 cxd4 4. Nxd4 a6 5. Nc3 Qc7
6. Bd3 Nf6 7. O-O d6 8. a4 b6 9. Be3 Be7 10. f4 Bb7 11. Qf3 Nbd7 12. Rae1 h5
13. Kh1 h4 14. Bd2 Nc5 15. b4 Ncd7 16. Qe2 Nh5 17. Nd5 Qd8 18. Nxe7 Qxe7 19.
Kg1 g6 20. Nf3 Nhf6 21. Ng5 h3 22. g3 a5 23. Bb5 Kf8 24. c3 Rh5 25. Bc1 Rc8 26.
Qd3 Ng4 27. Ba3 axb4 28. cxb4 Rxg5 29. Bxd7 Qxd7 30. fxg5 Qxa4 31. Qxd6+ Kg8
32. Qf4 Ne5 33. Bb2 Rc2 34. Qxe5 Rg2+ 35. Kh1 1-0

[Event "Torneo del Quarantennale A"]
[Site "Cirie' ITA"]
[Date "2013.04.29"]
[Round "4"]
[White "Ranieri, Fabrizio"]
[Black "Pulito, Alberto"]
[WhiteElo "2263"]
[BlackElo "2263"]
[Result "1-0"]
[PlyCount "129"]
[EventDate "2013.04.27"]

1. e4 d6 2. d4 Nf6 3. Nc3 e5 4. Nf3 Nbd7 5. Bc4 Be7
6. O-O O-O 7. a4 c6 8. Re1 a5 9. Bg5 Nh5 10. Be3 g6 11. Bh6 Ng7 12. Qd2 Kh8 13.
Bb3 Qc7 14. Ng5 Bxg5 15. Bxg5 f6 16. Be3 Re8 17. Rad1 Nf8 18. h3 Qe7 19. f4
exf4 20. Bxf4 g5 21. Bh2 Ng6 22. Rf1 Nh5 23. e5 Nhf4 24. exd6 Qf8 25. Rde1 Bf5
26. Ne2 Qxd6 27. Nxf4 Nxf4 28. Bxf4 gxf4 29. Rxe8+ Rxe8 30. Qxf4 Qxf4 31. Rxf4
Bg6 32. Rxf6 Re1+ 33. Rf1 Re2 34. Rf2 Re1+ 35. Kh2 Kg7 36. c3 Re3 37. Bc4 Re1
38. Kg3 Ra1 39. Bb3 b6 40. Re2 Rf1 41. Re7+ Kh6 42. Re6 Rb1 43. Bc2 Rxb2 44.
Bxg6 hxg6 45. Rxc6 Kg5 46. Kf3 Rb3 47. g3 Ra3 48. h4+ Kh6 49. d5 Kg7 50. Rc4
Ra1 51. Rc7+ Kf8 52. Rc6 Kf7 53. Rxb6 Rxa4 54. Rc6 Ra1 55. Kg4 a4 56. Kg5 a3
57. Rxg6 Rg1 58. Rf6+ Kg7 59. Ra6 Rxg3+ 60. Kf4 Rxc3 61. Ra7+ Kf8 62. d6 Ke8
63. h5 Rh3 64. Kg4 Rd3 65. h6 1-0

[Event "Torneo del Quarantennale A"]
[Site "Cirie' ITA"]
[Date "2013.04.29"]
[Round "4"]
[White "Rotundo, Raffaele"]
[Black "Malano, Francesco"]
[WhiteElo "1988"]
[BlackElo "1879"]
[Result "1/2-1/2"]
[PlyCount "136"]
[EventDate "2013.04.27"]

1. d4 Nf6 2. c4 d6 3. Nc3 e5 4. dxe5 dxe5 5. Qxd8+
Kxd8 6. Bg5 Be6 7. O-O-O+ Nbd7 8. e3 c6 9. Nf3 Kc7 10. h3 Bb4 11. a3 Bxc3 12.
bxc3 Ne4 13. Bh4 Nxc3 14. Rd2 Ne4 15. Rb2 f6 16. Nd2 Nxd2 17. Rxd2 Nc5 18. Kb1
Rad8 19. Rxd8 Rxd8 20. Kc2 Ne4 21. Bd3 Nc5 22. Be2 Bf5+ 23. Kc1 Bd3 24. Bxd3
Rxd3 25. Kb2 Na4+ 26. Ka2 Rc3 27. Bg3 Nc5 28. Re1 Rxc4 29. Re2 Ne4 30. Kb2 Nxg3
31. fxg3 Rc5 32. g4 Rd5 33. Kc3 c5 34. h4 b5 35. a4 a6 36. g3 Rd7 37. h5 h6 38.
a5 Rd1 39. Rf2 Rd7 40. g5 fxg5 41. Rf1 Kd6 42. Rf8 Kd5 43. Ra8 Rd6 44. Ra7 Ke4
45. Rxg7 Kxe3 46. Rg6 Rd3+ 47. Kc2 Rd2+ 48. Kb1 Kf3 49. Rxa6 e4 50. Rxh6 e3 51.
Rf6+ Kxg3 52. Kc1 Rf2 53. Re6 Kg4 54. h6 Kf5 55. h7 Rh2 56. Re7 Kf6 57. a6 Kxe7
58. a7 Rxh7 59. a8=Q Kd6 60. Qa6+ Ke5 61. Qa1+ Ke6 62. Qa2+ Ke5 63. Qb2+ Kd5
64. Qxb5 Rh4 65. Qd3+ Rd4 66. Qxe3 Rc4+ 67. Kb2 Rb4+ 68. Ka3 g4 1/2-1/2

[Event "Torneo del Quarantennale A"]
[Site "Cirie' ITA"]
[Date "2013.04.30"]
[Round "5"]
[White "Cacinschi, Alexandru"]
[Black "Ranieri, Fabrizio"]
[WhiteElo "2025"]
[BlackElo "2263"]
[Result "0-1"]
[PlyCount "84"]
[EventDate "2013.04.27"]

1. c4 e6 2. Nf3 d5 3. d4 c6 4. e3 Nf6 5. Nc3 Nbd7 6.
Qc2 Be7 7. g4 dxc4 8. Bxc4 Nd5 9. a3 Nxc3 10. bxc3 b6 11. Bf1 Bb7 12. Bg2 c5
13. Bb2 Qc7 14. Rc1 O-O 15. O-O Nf6 16. h3 Be4 17. Qe2 c4 18. Ne1 b5 19. f3 Bb7
20. e4 e5 21. Nc2 Nd7 22. Ne3 Bg5 23. Rcd1 a5 24. dxe5 Bxe3+ 25. Qxe3 Nxe5 26.
Rf2 Nd3 27. Rfd2 Rfd8 28. Ba1 Qg3 29. Qb6 Ba6 30. Bb2 a4 31. Bc1 Rd6 32. Qc7
Rc8 33. Qe7 h6 34. Rc2 Re6 35. Qa7 Rd8 36. Be3 Red6 37. Rcd2 Ne1 38. Kf1 Rxd2
39. Rxd2 Rxd2 40. Bxd2 Nxg2 41. Qxa6 Qxf3+ 42. Kg1 Nh4 0-1

[Event "Torneo del Quarantennale A"]
[Site "Cirie' ITA"]
[Date "2013.04.30"]
[Round "5"]
[White "Coqueraut, Lodewyk"]
[Black "Pitica, Silviu Valentin"]
[WhiteElo "1813"]
[BlackElo "1853"]
[Result "1-0"]
[PlyCount "117"]
[EventDate "2013.04.27"]

1. e4 c5 2. Nf3 d6 3. d4 cxd4 4. Nxd4 Nf6 5. Nc3 a6
6. Bc4 e6 7. Bb3 Be7 8. Qf3 O-O 9. O-O Nc6 10. Nxc6 bxc6 11. Be3 Qa5 12. Rfe1
Nd7 13. Qg3 Qh5 14. Ne2 Qh4 15. Rad1 Qxg3 16. hxg3 Rd8 17. f4 Nf6 18. Bb6 Rf8
19. Nd4 Bd7 20. Nf3 Ng4 21. e5 d5 22. c4 Bd8 23. Bc5 Ba5 24. Re2 Rfc8 25. Ba4
Rab8 26. cxd5 cxd5 27. Bxd7 Rxc5 28. f5 Rc7 29. fxe6 Bb6+ 30. Nd4 Kf8 31. e7+
Kxe7 32. Bxg4 Rc4 33. Red2 Ba7 34. Be2 Bxd4+ 35. Rxd4 Rxd4 36. Rxd4 Rxb2 37.
Bxa6 Rxa2 38. Bb7 Re2 39. Rxd5 Ke6 40. Kf1 Rxe5 41. Rxe5+ Kxe5 42. Kf2 Kf5 43.
Bc8+ Kg5 44. Kf3 g6 45. Bd7 h5 46. g4 f6 47. gxh5 gxh5 48. Ke4 Kg6 49. Kf4 Kg7
50. Be8 Kh6 51. Kf5 h4 52. Kg4 h3 53. Kxh3 Kg5 54. Kg3 Kf5 55. Kf3 Kg5 56. g3
Kf5 57. Bd7+ Kg5 58. Ke4 Kg6 59. Kf4 1-0

[Event "Torneo del Quarantennale A"]
[Site "Cirie' ITA"]
[Date "2013.04.30"]
[Round "5"]
[White "Malano, Francesco"]
[Black "Yao, Stefano"]
[WhiteElo "1879"]
[BlackElo "1945"]
[Result "0-1"]
[PlyCount "106"]
[EventDate "2013.04.27"]

1. d4 Nf6 2. Nf3 e6 3. e3 c5 4. c3 b6 5. Bd3 Bb7 6. Nbd2 d5 7. Ne5 a6 8. O-O
Nc6 9. Ndf3 Be7 10. Qe2 O-O 11. Nxc6 Bxc6 12. Ne5 Bb7 13. Bd2 Qc7 14. Rac1 Rfd8
15. f3 Bd6 16. f4 Ne4 17. Rf3 f6 18. Ng4 e5 19. fxe5 fxe5 20. Nxe5 Bxe5 21.
dxe5 Qxe5 22. Rcf1 Bc8 23. Rf4 Be6 24. Be1 g5 25. Qh5 Qg7 26. R4f3 Qg6 27.
Qxg6+ hxg6 28. Bxe4 dxe4 29. Rf6 Bc4 30. Rxg6+ Kh7 31. Rff6 Ra7 32. b3 Rd1 33.
Kf2 Bf7 34. Rxg5 Ra1 35. Rf4 Kh6 36. Rg3 Rd7 37. Rh4+ Bh5 38. Rgh3 Rf7+ 39. Rf4
Rxa2+ 40. Kf1 Rxf4+ 41. exf4 Kg6 42. Re3 Kf5 43. Bg3 c4 44. b4 a5 45. bxa5 bxa5
46. Re1 a4 47. h3 a3 48. Bh2 Be2+ 49. Kg1 e3 50. g4+ Ke4 51. f5 Bf3 52. Rb1
Rg2+ 53. Kf1 Rxh2 0-1

[Event "Torneo del Quarantennale A"]
[Site "Cirie' ITA"]
[Date "2013.04.30"]
[Round "5"]
[White "Pulito, Alberto"]
[Black "Frassati, Giovanni"]
[WhiteElo "2263"]
[BlackElo "1813"]
[Result "1-0"]
[PlyCount "105"]
[EventDate "2013.04.27"]

1. e4 e5 2. Nf3 Nc6 3. Bc4 Bc5 4. c3 Nf6 5. d3 d6 6. Bb3 Qe7 7. Nbd2 a6 8. Nf1
Nd8 9. Ng3 Be6 10. O-O Bxb3 11. axb3 Qd7 12. d4 exd4 13. cxd4 Bb6 14. Bg5 Ne6
15. Bxf6 gxf6 16. Nh5 O-O-O 17. Nxf6 Qb5 18. Qd2 Kb8 19. Rfd1 d5 20. Nxd5 Rxd5
21. exd5 Qxd5 22. Qe3 Rg8 23. Kh1 Qh5 24. Qe5 Qh6 25. g3 Nd8 26. Rac1 Nc6 27.
Qe4 Rd8 28. d5 Na7 29. Kg2 Nb5 30. Ne5 Nd6 31. Qf3 f5 32. Nc4 Nc8 33. Nxb6 Nxb6
34. Rc3 f4 35. Rdd3 fxg3 36. hxg3 Re8 37. Rd1 Rf8 38. Qe3 Qh5 39. Rcd3 Nc8 40.
Rh1 Qg6 41. Rh6 Qg7 42. Re6 Nd6 43. Qe5 Qd7 44. Re7 Qb5 45. Qc3 Qb6 46. Rf3 Rd8
47. Rxh7 Nb5 48. Qe5 Qg6 49. Rh8 Rxh8 50. Qxh8+ Ka7 51. Qe5 Qg8 52. Qe6 Qg5 53.
Qe3+ 1-0

[Event "Torneo del Quarantennale A"]
[Site "Cirie' ITA"]
[Date "2013.04.30"]
[Round "5"]
[White "Razzano, Lorenzo"]
[Black "Rotundo, Raffaele"]
[WhiteElo "1997"]
[BlackElo "1988"]
[Result "1-0"]
[PlyCount "91"]
[EventDate "2013.04.27"]

1. e4 e6 2. Nf3 c5 3. d4 cxd4 4. Nxd4 Nf6 5. Bd3
Nc6 6. Nxc6 bxc6 7. O-O d5 8. e5 Nd7 9. Re1 Qb6 10. Nd2 Ba6 11. Bxa6 Qxa6 12.
Qg4 h5 13. Qf4 Bc5 14. Nf3 O-O-O 15. b4 Bb6 16. a4 Rdf8 17. b5 cxb5 18. Ba3 b4
19. Bxb4 Bc5 20. c3 f6 21. Bxc5 Nxc5 22. Reb1 fxe5 23. Qxe5 Nd7 24. Qd4 Kc7 25.
c4 dxc4 26. Rc1 Nb6 27. a5 Nd5 28. Rxc4+ Kb8 29. Rb1+ Ka8 30. Rc5 Rc8 31. Ne5
Rxc5 32. Qxc5 Rc8 33. Nd7 Nf6 34. Qc7 Nxd7 35. Qxd7 Qc6 36. Qd1 Qc2 37. Qf3+
Qc6 38. Qxh5 Qc1+ 39. Qd1 Qxd1+ 40. Rxd1 Kb7 41. h4 Rc7 42. Rd6 Rc5 43. a6+ Kc7
44. Rxe6 Kd8 45. g4 Rb5 46. Rg6 1-0

[Event "Torneo del Quarantennale A"]
[Site "Cirie' ITA"]
[Date "2013.05.01"]
[Round "6"]
[White "Coqueraut, Lodewyk"]
[Black "Cacinschi, Alexandru"]
[WhiteElo "1813"]
[BlackElo "2025"]
[Result "0-1"]
[PlyCount "72"]
[EventDate "2013.04.27"]

1. e4 c6 2. d4 d5 3. Nc3 g6 4. e5 Bg7 5. f4 Qb6 6.
Be2 h5 7. h3 e6 8. Na4 Qc7 9. Nf3 Ne7 10. Bd3 Nd7 11. Be3 b6 12. Qd2 c5 13. c3
c4 14. Bc2 b5 15. Nc5 Nxc5 16. dxc5 a5 17. a4 bxa4 18. Bxa4+ Bd7 19. Bxd7+ Qxd7
20. Nd4 Nc6 21. Nb5 O-O 22. O-O Nxe5 23. fxe5 Qxb5 24. Bd4 Rfb8 25. Rab1 Rb7
26. Rf2 Bf8 27. b4 cxb3 28. Qg5 a4 29. Rxf7 Rxf7 30. Qxg6+ Bg7 31. Qxe6 Qd7 32.
Qg6 Qf5 33. Qc6 Qxb1+ 34. Kh2 Raf8 35. Qxd5 Qf5 36. c6 b2 0-1

[Event "Torneo del Quarantennale A"]
[Site "Cirie' ITA"]
[Date "2013.05.01"]
[Round "6"]
[White "Pitica, Silviu Valentin"]
[Black "Malano, Francesco"]
[WhiteElo "1853"]
[BlackElo "1879"]
[Result "1/2-1/2"]
[PlyCount "163"]
[EventDate "2013.04.27"]

1. Nf3 Nf6 2. g3 b6 3. Bg2 Bb7 4. O-O e6 5. c4 Be7
6. b3 O-O 7. Bb2 c5 8. e3 d6 9. Qe2 Nbd7 10. Rd1 Qc7 11. Nc3 Rad8 12. d4 Qb8
13. d5 exd5 14. cxd5 Rfe8 15. Nh4 Ne5 16. f4 Ng6 17. Nf5 Qa8 18. e4 Bf8 19. Qd3
Bc8 20. Ne3 Ng4 21. Re1 Nxe3 22. Rxe3 Qb8 23. Rae1 Be7 24. Nd1 Bf6 25. Bxf6
gxf6 26. Qc3 Kg7 27. Nf2 Qc7 28. Nd3 Re7 29. e5 fxe5 30. fxe5 Nxe5 31. Nxe5
Rxe5 32. Rxe5 dxe5 33. Rxe5 f6 34. Rg5+ Kf7 35. Rh5 Kg6 36. Rh4 Bf5 37. Qe3 Qe5
38. Rh6+ Kg7 39. Qxe5 fxe5 40. Rc6 Kf7 41. Kf2 Rc8 42. Ke3 Rxc6 43. dxc6 Ke7
44. Be4 Bxe4 45. Kxe4 Kd6 46. c7 Kxc7 47. Kxe5 Kc6 48. g4 b5 49. h4 a5 50. g5
c4 51. bxc4 b4 52. h5 a4 53. g6 hxg6 54. hxg6 b3 55. axb3 a3 56. g7 a2 57. g8=Q
a1=Q+ 58. Kf4 Qd4+ 59. Kf5 Qd3+ 60. Ke5 Qe3+ 61. Kf6 Qxb3 62. Qd5+ Kc7 63. Qc5+
Kb7 64. Qe7+ Kc6 65. Qe6+ Kb7 66. Qd5+ Kc7 67. Ke6 Qe3+ 68. Qe5+ Qxe5+ 69. Kxe5
Kc6 70. Kd4 Kd6 71. Kc3 Kc6 72. Kb4 Kb6 73. c5+ Kb7 74. Kc4 Kc6 75. Kd4 Kc7 76.
Kd5 Kd7 77. c6+ Kc8 78. Kc5 Kc7 79. Kb5 Kc8 80. Kb6 Kb8 81. c7+ Kc8 82. Kc6
1/2-1/2

[Event "Torneo del Quarantennale A"]
[Site "Cirie' ITA"]
[Date "2013.05.01"]
[Round "6"]
[White "Ranieri, Fabrizio"]
[Black "Razzano, Lorenzo"]
[WhiteElo "2263"]
[BlackElo "1997"]
[Result "1/2-1/2"]
[PlyCount "24"]
[EventDate "2013.04.27"]

1. e4 c5 2. Nf3 Nc6 3. d4 cxd4 4. Nxd4 Nf6 5. Nc3
e5 6. Nf3 Bb4 7. Bc4 Bxc3+ 8. bxc3 Qa5 9. Qd3 Nxe4 10. O-O Nc5 11. Qd6 Ne4 12.
Qd3 Nc5 1/2-1/2

[Event "Torneo del Quarantennale A"]
[Site "Cirie' ITA"]
[Date "2013.05.01"]
[Round "6"]
[White "Rotundo, Raffaele"]
[Black "Frassati, Giovanni"]
[WhiteElo "1988"]
[BlackElo "1813"]
[Result "0-1"]
[PlyCount "88"]
[EventDate "2013.04.27"]

1. e4 e5 2. Nf3 Nf6 3. Nc3 Nc6 4. d4 exd4 5. Nxd4
d6 6. Bb5 Bd7 7. Bxc6 bxc6 8. Bg5 Be7 9. Qd3 Ng4 10. Bxe7 Qxe7 11. Qg3 Qf6 12.
O-O-O Qxf2 13. Qd3 Qe3+ 14. Qxe3 Nxe3 15. Rde1 Nc4 16. Nf5 g6 17. Ne3 Ne5 18.
h4 h5 19. Rd1 Rb8 20. Rd4 Rb7 21. Nc4 c5 22. Nxe5 cxd4 23. Nxd7 Kxd7 24. Nd5 c6
25. Nf4 Rhb8 26. b3 a5 27. Nd3 a4 28. Rf1 Ke8 29. e5 axb3 30. axb3 Ra8 31. Kd2
dxe5 32. Nxe5 Rc7 33. Kd3 Ra5 34. Nc4 Rd5 35. Re1+ Kf8 36. Nb6 Rf5 37. Re2 c5
38. Nc4 Re7 39. Nd6 Rxe2 40. Kxe2 Re5+ 41. Kd3 Re3+ 42. Kc4 Rc3+ 43. Kb5 Rxc2
44. Nc4 d3 0-1

[Event "Torneo del Quarantennale A"]
[Site "Cirie' ITA"]
[Date "2013.05.01"]
[Round "6"]
[White "Yao, Stefano"]
[Black "Pulito, Alberto"]
[WhiteElo "1945"]
[BlackElo "2263"]
[Result "0-1"]
[PlyCount "84"]
[EventDate "2013.04.27"]

1. Nf3 e6 2. c4 f5 3. g3 Nf6 4. Bg2 Be7 5. O-O O-O
6. d4 d6 7. Nc3 a5 8. Re1 Ne4 9. Qc2 Nxc3 10. Qxc3 Bf6 11. b3 Nc6 12. Bb2 e5
13. dxe5 dxe5 14. e4 Qe8 15. Nd2 Qh5 16. exf5 Nd4 17. Ne4 Bxf5 18. Nxf6+ gxf6
19. Rad1 Qxd1 20. Rxd1 Ne2+ 21. Kf1 Nxc3 22. Bxc3 c6 23. Bf3 a4 24. b4 Rfd8 25.
Rc1 Bd3+ 26. Be2 Kf7 27. a3 Ke6 28. Ke1 Bxe2 29. Kxe2 h5 30. Bd2 Rd7 31. Be3
Rad8 32. b5 Rd3 33. bxc6 bxc6 34. Bc5 Rd2+ 35. Ke1 Rb2 36. Rc3 Rb3 37. Rc2 f5
38. Bb4 e4 39. Ke2 Rdd3 40. Rd2 Rxd2+ 41. Kxd2 Ke5 42. Ke2 Kd4 0-1

[Event "Torneo del Quarantennale B"]
[Site "Cirie' ITA"]
[Date "2013.04.27"]
[Round "1"]
[White "Casarin, Renato"]
[Black "Palma, Maria"]
[WhiteElo "1698"]
[BlackElo "1585"]
[Result "0-1"]
[PlyCount "82"]
[EventDate "2013.04.27"]

1. d4 d5 2. Nf3 Nf6 3. e3 c5 4. c4 e6 5. Nc3 Nc6 
6. cxd5 Nxd5 7. Bc4 Nb6 8. Bb5 Bd7 9. O-O cxd4 10. exd4 Bd6 11. Re1 O-O 12. Ne4
Qc7 13. Nxd6 Qxd6 14. Be3 Nb4 15. Bxd7 Nxd7 16. a3 Nd5 17. Rc1 Rac8 18. Qd3
Nxe3 19. Qxe3 Nf6 20. Ne5 Rfd8 21. Rxc8 Rxc8 22. Rc1 Rd8 
23. Rd1 h6 24. h3 Rc8 25. b4 Nd5 26. Qf3 f6 27. Ng4 Rc3 28. Rd3 Rc1+ 29.
Rd1 Qc6 30. Rxc1 Qxc1+ 31. Kh2 Qc3 32. Qxc3 Nxc3 33. Ne3 Nb5 34. Nc2 Kf7 35. g3
Ke7 36. Kg2 Kd6 37. Kf3 Kd5 38. Ke3 Kc4 39. a4 Nc3 40. a5 Nd5+ 41. Ke4 Nxb4 0-1

[Event "Torneo del Quarantennale B"]
[Site "Cirie' ITA"]
[Date "2013.04.27"]
[Round "1"]
[White "Doromeychuk, Anton"]
[Black "Fassero, Fabrizio"]
[WhiteElo "1779"]
[BlackElo "1662"]
[Result "1/2-1/2"]
[PlyCount "70"]
[EventDate "2013.04.27"]

1. d4 Nf6 2. c4 e5 3. Bg5 exd4 4. Qxd4 Be7 5. e4 Nc6 6. Qe3 O-O 7. Nf3 Ng4 8.
Qf4 d6 9. Nc3 Re8 10. Be2 Nge5 11. Bxe7 Nxf3+ 12. gxf3 Qxe7 13. Rg1 Qe5 14. Qe3
Nd4 15. O-O-O Nxe2+ 16. Nxe2 c6 17. Rg5 Qf6 18. Rdg1 g6 19. h4 Re5 20. f4 Rxg5
21. Rxg5 Bd7 22. h5 Re8 23. hxg6 fxg6 24. Ng3 Qf7 25. b3 Qf6 26. e5 dxe5 27.
fxe5 Qf7 28. Ne4 Rf8 29. Nf6+ Kh8 30. Qxa7 Bf5 31. Qe3 Qe7 32. Qd4 Rd8 33. Qb2
Qb4 34. Rg1 Rd3 35. e6 Rc3+ 1/2-1/2

[Event "Torneo del Quarantennale B"]
[Site "Cirie' ITA"]
[Date "2013.04.27"]
[Round "1"]
[White "Gallo, Ivan"]
[Black "Pedoni, Lorenzo"]
[WhiteElo "1732"]
[BlackElo "1614"]
[Result "0-1"]
[PlyCount "52"]
[EventDate "2013.04.27"]

1. e4 c5 2. Nf3 Nc6 3. c3 Nf6 4. d3 e6 5. Bg5 Be7
6. Be2 O-O 7. O-O Qc7 8. Re1 d5 9. Bf1 dxe4 10. dxe4 Rd8 11. Qc2 e5 12. Nbd2
Be6 13. Bh4 Rd7 14. Ng5 Rad8 15. Nxe6 fxe6 16. Nf3 Qb6 17. Bc4 Rd6 18. Ng5 Rd2
19. Qa4 Rxb2 20. Nxe6 Rdd2 21. Rad1 Rxd1 22. Qxd1 Kh8 23. Bxf6 Bxf6 24. h3 Na5
25. Bd5 c4 26. Qh5 Qxf2+ 0-1

[Event "Torneo del Quarantennale B"]
[Site "Cirie' ITA"]
[Date "2013.04.27"]
[Round "1"]
[White "Listello, Massimiliano"]
[Black "Trovero, Leo"]
[WhiteElo "1777"]
[BlackElo "1637"]
[Result "1-0"]
[PlyCount "69"]
[EventDate "2013.04.27"]

1. e4 c5 2. Nf3 d6 3. Bc4 Nc6 4. O-O Nf6 5. d3 g6 6.
c3 Bg7 7. Nbd2 a6 8. a4 Rb8 9. Bb3 O-O 10. Re1 b5 11. Nf1 b4 12. Bd2 Bd7 13.
Bc2 Qb6 14. Ne3 e6 15. Nc4 Qc7 16. e5 dxe5 17. Be3 Na5 18. Nfxe5 Nxc4 19. Nxc4
bxc3 20. b3 Nd5 21. Bg5 h6 22. Bh4 g5 23. Bg3 Nf4 24. Qc1 e5 25. Qd1 Bc6 26.
Bxf4 exf4 27. Qh5 Rfe8 28. h4 gxh4 29. Qxh4 f3 30. Ne3 fxg2 31. Nf5 Qd7 32. Qg4
f6 33. Qg6 Rxe1+ 34. Rxe1 Kh8 35. Re7 1-0

[Event "Torneo del Quarantennale B"]
[Site "Cirie' ITA"]
[Date "2013.04.27"]
[Round "1"]
[White "Lo Curto, Andrea"]
[Black "Bullita, Simone"]
[WhiteElo "1589"]
[BlackElo "1721"]
[Result "0-1"]
[PlyCount "110"]
[EventDate "2013.04.27"]

1. e4 e6 2. Nf3 d5 3. e5 c5 4. d4 Nc6 5. Be3 cxd4 6.
Bxd4 Nxd4 7. Qxd4 Ne7 8. Nbd2 Nc6 9. Bb5 a6 10. Bxc6+ bxc6 11. c4 Rb8 12. b3
Qb6 13. Qxb6 Rxb6 14. O-O Be7 15. Rac1 Bd7 16. Rfe1 Ba3 17. Rc2 O-O 18. c5 Rb5
19. Nd4 Rxc5 20. Nb1 Rxc2 21. Nxc2 Be7 22. Nc3 c5 23. Rd1 Rc8 24. f4 a5 25. Ne3
Be8 26. Nc2 c4 27. Nd4 cxb3 28. Rc1 bxa2 29. Nxa2 Rxc1+ 30. Nxc1 Bc5 31. Ncb3
Bxd4+ 32. Nxd4 a4 33. Kf2 Kf8 34. g4 Ke7 35. Ke3 Kd8 36. f5 Bd7 37. Kd3 Ke7 38.
Kc3 exf5 39. gxf5 f6 40. e6 Be8 41. Nc2 g6 42. Kd4 Bc6 43. Nb4 Bb7 44. fxg6
hxg6 45. h3 Kxe6 46. h4 Kf5 47. Ke3 Kg4 48. Nc2 Kxh4 49. Kf4 Bc8 50. Nb4 g5+
51. Kf3 Be6 52. Na2 d4 53. Nb4 a3 54. Nc2 a2 55. Ke4 d3 0-1

[Event "Torneo del Quarantennale B"]
[Site "Cirie' ITA"]
[Date "2013.04.27"]
[Round "1"]
[White "Macario, Marco"]
[Black "Gennaro, Isabella"]
[WhiteElo "1842"]
[BlackElo "1680"]
[Result "0-1"]
[PlyCount "132"]
[EventDate "2013.04.27"]

1. e4 c5 2. Nc3 Nc6 3. Bb5 e6 4. Nge2 Nge7 5. Bxc6
Nxc6 6. d3 d5 7. Ng3 Bd6 8. Qg4 d4 9. Nb5 Qa5+ 10. Nc3 dxc3 11. O-O Be5 12. b3
Nb4 13. Be3 Nxc2 14. Rac1 Nb4 15. f4 Bd4 16. Bxd4 cxd4 17. Qxg7 Rf8 18. Qxd4 c2
19. a3 Qxa3 20. Nh5 Qa5 21. Nf6+ Ke7 22. Nxh7 Rg8 23. Qf6+ Ke8 24. Kh1 Qc5 25.
Qb2 Kd8 26. Qf6+ Qe7 27. Qd4+ Bd7 28. Nf6 Nc6 29. Qa1 Rh8 30. Rxc2 Nb4 31. Rc4
a5 32. Rfc1 Bc6 33. Rd4+ Kc8 34. Rd7 Qf8 35. Qe5 Na6 36. Qd4 Qh6 37. h3 Qxf4
38. Rc3 Rf8 39. Re7 Rd8 40. Nd7 Qc7 41. Nb6+ Kb8 42. Rxc7 Rxd4 43. Rxf7 Ka7 44.
Nc4 Rd7 45. Rf6 Re7 46. Nxa5 Bb5 47. Nc4 Nc5 48. Ne5 Rc7 49. b4 Nxe4 50. Rxc7
Nxf6 51. Nc4 Kb8 52. Rf7 Bxc4 53. dxc4 Ne4 54. g4 Ng5 55. Rf4 Nxh3 56. Rf3 Ng5
57. Re3 Kc7 58. Kg2 Kd6 59. Rd3+ Ke7 60. Kg3 Rd8 61. Ra3 Rd4 62. Ra7 Rd7 63.
Kf4 Kf6 64. Ke3 Nf7 65. c5 Ne5 66. Ke4 Nc6 0-1

[Event "Torneo del Quarantennale B"]
[Site "Cirie' ITA"]
[Date "2013.04.27"]
[Round "1"]
[White "Pane, Gabriele"]
[Black "Borghi, Dario"]
[WhiteElo "1631"]
[BlackElo "1747"]
[Result "1/2-1/2"]
[PlyCount "66"]
[EventDate "2013.04.27"]

1. d4 d5 2. c4 c6 3. Nf3 Nf6 4. Nc3 Nbd7 5. Bg5 Ne4
6. Nxe4 dxe4 7. Nd2 Qb6 8. Nxe4 Qxb2 9. e3 e6 10. c5 b6 11. Qc1 Qb4+ 12. Qd2
bxc5 13. Qxb4 cxb4 14. Rc1 Bb7 15. Bf4 Nb6 16. Nd6+ Bxd6 17. Bxd6 a5 18. Be2
Kd7 19. Bc5 Na4 20. Bf3 Nxc5 21. Rxc5 Rhc8 22. O-O Ba6 23. Rfc1 Bb5 24. Rb1
Rcb8 25. Bd1 Kd6 26. f3 f6 27. Bc2 Ra6 28. Bxh7 Ba4 29. Bd3 Bb5 30. Bc2 Re8 31.
Bg6 Re7 32. Rb2 e5 33. Kf2 exd4 1/2-1/2

[Event "Torneo del Quarantennale B"]
[Site "Cirie' ITA"]
[Date "2013.04.27"]
[Round "1"]
[White "Parise, Mariano"]
[Black "Nastro, Federico"]
[WhiteElo "1640"]
[BlackElo "1778"]
[Result "0-1"]
[PlyCount "28"]
[EventDate "2013.04.27"]

1. e4 e5 2. Nc3 Nc6 3. Bc4 Nf6 4. d3 Bc5 5. Nf3 d6
6. h3 h6 7. a3 Be6 8. Be3 Bxe3 9. Bxe6 Bxf2+ 10. Kxf2 fxe6 11. Re1 O-O 12. g4
Nd4 13. Re3 Nxg4+ 14. hxg4 Qh4+ 0-1

[Event "Torneo del Quarantennale B"]
[Site "Cirie' ITA"]
[Date "2013.04.27"]
[Round "1"]
[White "Villa, Alessandro"]
[Black "Gussone, Claudio"]
[WhiteElo "1671"]
[BlackElo "1815"]
[Result "1-0"]
[PlyCount "81"]
[EventDate "2013.04.27"]

1. e4 d5 2. exd5 Qxd5 3. Nc3 Qa5 4. d4 c6 5. Nf3 Nf6
6. Bd2 Qc7 7. Bd3 Bg4 8. h3 Bh5 9. Qe2 Bxf3 10. Qxf3 e6 11. O-O Bd6 12. Rfe1
Nbd7 13. Ne4 Nxe4 14. Bxe4 Nf6 15. c4 Nxe4 16. Rxe4 O-O-O 17. Be3 Qd7 18. Bf4
Bxf4 19. Rxf4 f6 20. Re1 Rhe8 21. Qh5 Qc7 22. Rfe4 h6 23. Rxe6 Rxe6 24. Rxe6
Rxd4 25. Re8+ Rd8 26. Qg4+ Qd7 27. Qxd7+ Kxd7 28. Rxd8+ Kxd8 29. Kf1 Ke7 30.
Ke2 Ke6 31. Ke3 c5 32. g3 g5 33. Ke4 a6 34. a3 b5 35. b3 b4 36. a4 a5 37. f3
Ke7 38. Kd5 Kd7 39. Kxc5 Ke6 40. Kd4 f5 41. c5 1-0

[Event "Torneo del Quarantennale B"]
[Site "Cirie' ITA"]
[Date "2013.04.27"]
[Round "2"]
[White "Borghi, Dario"]
[Black "Doromeychuk, Anton"]
[WhiteElo "1747"]
[BlackElo "1779"]
[Result "1-0"]
[PlyCount "39"]
[EventDate "2013.04.27"]

1. c4 Nf6 2. Nf3 g6 3. b3 Bg7 4. Bb2 O-O 5. g3 c6
6. Bg2 d5 7. d3 dxc4 8. bxc4 Qb6 9. Qb3 Nbd7 10. Nbd2 Qc7 11. O-O Re8 12. d4
Nb6 13. Ne5 Ng4 14. c5 Nd5 15. e4 Ndf6 16. Nxf7 e6 17. Ne5 Rf8 18. Bh3 h5 19.
f3 Bh6 20. Ndc4 1-0